Thi hào Nguyễn Khuyến - Đời và thơ /
Gespeichert in:
| Weitere Verfasser: | , , |
|---|---|
| Format: | Sách giấy |
| Sprache: | Vietnamese |
| Veröffentlicht: |
H. :
Giáo dục ,
1994
|
| Schlagworte: | |
| Tags: |
Tag hinzufügen
Keine Tags, Fügen Sie den ersten Tag hinzu!
|
| Thư viện lưu trữ: | Thư viện Trường Đại học Đà Lạt |
|---|
| LEADER | 00840nam a2200325 4500 | ||
|---|---|---|---|
| 001 | DLU020019878 | ||
| 005 | ##3/26/2002 | ||
| 020 | # | # | |a 978- |
| 041 | # | # | |a vie |
| 082 | # | # | |a 895.922 1 |b Thi |
| 245 | # | # | |a Thi hào Nguyễn Khuyến - Đời và thơ / |c Nguyễn Huệ Chi, Nguyễn Đình Chú, Bùi Văn Cường |
| 260 | # | # | |a H. : |b Giáo dục , |c 1994 |
| 300 | # | # | |a 730 tr.; |c 20 cm. |
| 653 | # | # | |a Chân dung văn học |
| 653 | # | # | |a Nhà thơ Việt Nam |
| 653 | # | # | |a Thơ chữ Hán |
| 653 | # | # | |a Thơ chữ Nôm |
| 653 | # | # | |a Tiểu sử |
| 700 | # | # | |a Bùi Văn Cường |
| 700 | # | # | |a Nguyễn Đình Chú |
| 700 | # | # | |a Nguyễn Huệ Chi |
| 992 | # | # | |a 49500 |
| 994 | # | # | |a DLU |
| 900 | # | # | |a False |
| 911 | # | # | |a Admin |
| 925 | # | # | |a G |
| 926 | # | # | |a A |
| 927 | # | # | |a SH |
| 980 | # | # | |a Thư viện Trường Đại học Đà Lạt |